000 00739nam a2200253Ia 4500
003 OSt
005 20220925224912.0
006 a|||||r|||| 00| 0
007 ta
008 220923b |||||||| |||| 00| 0 eng d
020 _a0415049776
037 _cGeneral Book
040 _aRTL
_cRTL
_beng
041 _2eng
_aeng
082 _aX:54.1(X).N8, N0
100 _aTrebilock Michael J et al
_9291654
245 0 _aTrade and transitions
_b A comparative analysis
260 _aLondon
_bRoutledge Publications U. K.
_c1990
300 _axiv,277p
_ccm.
650 _a Economics
650 _aInternational Trade
942 _hX:54.1(X).N8, N0
_cGB
_2CC
999 _c582522
_d582522